000 002220000a22000970004500
100 1 _aBuitrago, Alejandra
245 1 0 _aEl secuestro
300 _aVol. 12, Núm 12 (1993), Páginas 14-17
773 0 _tCambio 16
942 _cANA
999 _c58478
_d58478